[Event "Mondiale Lampo FIDE 2019"]
[Site "Mosca"]
[Date "29.12.2019"]
[Round "2.31"]
[White "Vavulin, Maxim"]
[Black "Chigaev, Maksim"]
[Result "1-0"]
[WhiteTitle "GM"]
[BlackTitle "GM"]
[WhiteElo "2556"]
[BlackElo "2631"]
[WhiteFideId "4169530"]
[BlackFideId "4108116"]
[EventDate "2019.12.29"]

1. e4 c5 2. Nf3 e6 3. d4 cxd4 4. Nxd4 a6 5. Bd3 Ne7 6. O-O g6 7. c4 Bg7 8. Nb3
Nbc6 9. Nc3 O-O 10. Be2 f5 11. Qc2 fxe4 12. Nxe4 d5 13. Ng5 Nf5 14. Nf3 a5 15.
Bg5 Qe8 16. cxd5 exd5 17. Qd2 a4 18. Nc5 Ncd4 19. Rae1 b6 20. Nd3 Ba6 21. Nxd4
Nxd4 22. Bg4 Qb8 23. Re3 Nf5 24. Re6 Nd4 25. Re7 Nc6 26. Rxg7+ Kxg7 27. Bh6+ Kg8
28. Be6+ Rf7 29. Bxf7+ Kxf7 30. Re1 Qd6 31. Qe3 Bxd3 32. Qxd3 Ne7 33. Qf3+ Kg8
34. g4 Nc6 35. h4 Nd4 36. Qd3 Qf6 37. Kg2 Rc8 38. Bg5 Qg7 39. Re7 Qh8 40. Be3
Qf6 41. Bg5 Qh8 42. Qe3 Rf8 43. Bh6 Qf6 44. Bxf8 Kxf8 45. Rd7 Ne6 46. Qf3 Nf4+
47. Kg3 Ke8 48. Rxh7 g5 49. hxg5 Qg6 50. Rh8+ 1-0

[Event "Mondiale Lampo FIDE 2019"]
[Site "Mosca"]
[Date "29.12.2019"]
[Round "2.32"]
[White "Xu, Yinglun"]
[Black "Fridman, Daniel"]
[Result "1/2-1/2"]
[WhiteTitle "GM"]
[BlackTitle "GM"]
[WhiteElo "2555"]
[BlackElo "2616"]
[WhiteFideId "8604940"]
[BlackFideId "11600454"]
[EventDate "2019.12.29"]

1. d4 d5 2. c4 e6 3. Nf3 Nf6 4. Nc3 Be7 5. Bg5 h6 6. Bxf6 Bxf6 7. e3 O-O 8. Rc1
c6 9. Bd3 dxc4 10. Bxc4 Nd7 11. O-O e5 12. d5 Nb6 13. b3 Bg4 14. h3 Bf5 15. dxc6
bxc6 16. Be2 Qe7 17. e4 Rfd8 18. Qc2 Be6 19. Nd1 Bg5 20. Rb1 Rac8 21. Nb2 Qf6
22. Rfd1 Bf4 23. Nd3 c5 24. Nxc5 Rxd1+ 25. Rxd1 Qe7 26. b4 Nd7 27. g3 Bg5 28.
Nxg5 hxg5 29. Bg4 Nxc5 30. Bxe6 fxe6 31. Rc1 Rc6 32. bxc5 Qd7 33. Qc3 Qd4 34.
Qxd4 exd4 35. Kf1 e5 36. Ke2 Kf7 37. Kd3 Ke6 38. Kc4 Ra6 39. Kb5 Rxa2 40. c6
Rb2+ 41. Ka6 Ra2+ 42. Kb7 Rb2+ 43. Kxa7 Ra2+ 44. Kb6 Rb2+ 45. Ka5 Ra2+ 46. Kb5
Rb2+ 47. Ka4 Ra2+ 48. Kb3 Ra8 49. c7 Kd7 50. Rc5 Re8 51. Kc4 Kc8 52. Kd3 Re7 53.
Kd2 Re8 54. f3 Re6 55. Kd3 Rf6 56. Rxe5 Rxf3+ 57. Kxd4 Rxg3 58. Re7 Rxh3 59.
Rxg7 Rg3 60. e5 Rg1 61. Kd5 g4 62. e6 Rd1+ 63. Ke5 Re1+ 64. Kf5 Rf1+ 65. Ke5
Re1+ 66. Kd6 Rd1+ 67. Ke7 Rd4 68. Ke8 Re4 69. Kf7 Rf4+ 70. Ke7 Kxc7 71. Rg5 Kc8
72. Ke8 Kc7 73. e7 Re4 74. Rg6 Rf4 75. Rg5 Re4 76. Kf8 Rf4+ 77. Ke8 Re4 78. Kf7
Rf4+ 79. Ke8 Re4 80. Kf7 1/2-1/2

[Event "Mondiale Lampo FIDE 2019"]
[Site "Mosca"]
[Date "29.12.2019"]
[Round "2.33"]
[White "Atabayev, Saparmyrat"]
[Black "Alonso Rosell, Alvar"]
[Result "0-1"]
[WhiteTitle "IM"]
[BlackTitle "GM"]
[WhiteElo "2425"]
[BlackElo "2548"]
[WhiteFideId "14000571"]
[BlackFideId "2270544"]
[EventDate "2019.12.29"]

1. d4 Nf6 2. c4 e6 3. Nc3 Bb4 4. Qc2 c5 5. dxc5 O-O 6. Nf3 Na6 7. a3 Bxc3+ 8.
Qxc3 Nxc5 9. Bf4 Nce4 10. Qc2 d6 11. e3 e5 12. Bg3 Be6 13. Bh4 Rc8 14. Bd3 Nc5
15. Bxh7+ Kh8 16. Bf5 e4 17. Bxe6 fxe6 18. Nd2 Nd3+ 19. Ke2 d5 20. Rhd1 Qe8 21.
f3 Qh5 22. Bg3 b5 23. b3 Qg5 24. Rf1 bxc4 25. bxc4 Ng4 26. fxg4 Qxg4+ 27. Nf3
Rxc4 28. Qb3 Rfc8 29. Kd2 Nc5 30. Qb2 exf3 31. gxf3 Qg6 32. Ke1 Nd3+ 0-1

[Event "Mondiale Lampo FIDE 2019"]
[Site "Mosca"]
[Date "29.12.2019"]
[Round "2.34"]
[White "Vastrukhin, Oleg"]
[Black "Salgado Lopez, Ivan"]
[Result "1/2-1/2"]
[WhiteTitle "IM"]
[BlackTitle "GM"]
[WhiteElo "2428"]
[BlackElo "2605"]
[WhiteFideId "4192770"]
[BlackFideId "2257327"]
[EventDate "2019.12.29"]

1. Nf3 Nf6 2. g3 b6 3. Bg2 Bb7 4. O-O c5 5. d3 g6 6. a4 Nc6 7. e4 Bg7 8. Re1 O-O
9. e5 Nd5 10. Nc3 Nxc3 11. bxc3 d6 12. Bf4 dxe5 13. Nxe5 Rc8 14. Nxc6 Bxc6 15.
Be5 Bxg2 16. Bxg7 Kxg7 17. Kxg2 c4 18. d4 e6 19. Qe2 Qd5+ 20. Qe4 Rfd8 21. Qxd5
Rxd5 22. a5 b5 23. a6 Rc6 24. Ra5 Kf6 25. f4 Ke7 26. Kf3 Kd6 27. Re5 Rb6 28. Kg4
h6 29. h4 f5+ 30. Kf3 Rxe5 31. dxe5+ Kc7 32. Ke3 Rb8 33. Ra1 Rd8 34. h5 gxh5 35.
Rh1 Rg8 36. Kf3 Kb6 37. Rd1 Rc8 38. Rh1 Kxa6 39. Rxh5 Kb6 40. Rxh6 Rc6 41. g4
fxg4+ 42. Kxg4 a5 43. Rh8 a4 44. f5 exf5+ 45. Kxf5 Rc7 46. Rh6+ Ka5 47. e6 b4
48. cxb4+ Kxb4 49. Rh8 Kc3 50. Ra8 Kxc2 51. Rxa4 c3 52. Kf6 Kb3 53. Ra1 Kb2 54.
Re1 c2 55. e7 Rxe7 56. Kxe7 c1=Q 1/2-1/2

[Event "Mondiale Lampo FIDE 2019"]
[Site "Mosca"]
[Date "29.12.2019"]
[Round "2.35"]
[White "Petrosian, Tigran L."]
[Black "Atabayev, Maksat"]
[Result "1-0"]
[WhiteTitle "GM"]
[BlackTitle "GM"]
[WhiteElo "2601"]
[BlackElo "2475"]
[WhiteFideId "13301616"]
[BlackFideId "14001101"]
[EventDate "2019.12.29"]

1. Nf3 Nf6 2. g3 d5 3. Bg2 Bf5 4. c4 c6 5. cxd5 cxd5 6. Qb3 Bc8 7. O-O e6 8. d4
Be7 9. Bf4 O-O 10. Nc3 Nc6 11. Rac1 Na5 12. Qc2 Bd7 13. Ne5 Rc8 14. Qb1 Qb6 15.
Nxd7 Nxd7 16. e4 dxe4 17. d5 f5 18. Be3 Qa6 19. Rfd1 Ne5 20. Bf1 Nd3 21. Bxd3
exd3 22. Qxd3 Qxd3 23. Rxd3 Nc4 24. dxe6 Nxb2 25. Rd7 Rfe8 26. Nd5 Ba3 27. Rxc8
Rxc8 28. Rxb7 Nd3 29. Rb3 1-0

[Event "Mondiale Lampo FIDE 2019"]
[Site "Mosca"]
[Date "29.12.2019"]
[Round "2.36"]
[White "Pashikian, Arman"]
[Black "Batchuluun, Tsegmed"]
[Result "1/2-1/2"]
[WhiteTitle "GM"]
[BlackTitle "GM"]
[WhiteElo "2605"]
[BlackElo "2530"]
[WhiteFideId "13301578"]
[BlackFideId "4900847"]
[EventDate "2019.12.29"]

1. d4 Nf6 2. c4 e6 3. Nf3 d5 4. Nc3 c5 5. Bg5 cxd4 6. Nxd4 dxc4 7. e3 Be7 8.
Bxc4 O-O 9. O-O a6 10. Be2 Bd7 11. Bf3 Nc6 12. Nxc6 Bxc6 13. Bxc6 bxc6 14. Qc2
h6 15. Bh4 Nd5 16. Bxe7 Nxe7 17. Rac1 Qc7 18. Na4 Rfd8 19. b3 Rd5 20. Qe2 a5 21.
Rc2 Rad8 22. Rfc1 Qd6 23. Nc3 Rd3 24. h3 Qb4 25. Qe1 Nd5 26. Nxd5 Qxe1+ 27. Rxe1
cxd5 28. Kf1 a4 29. Rb1 axb3 30. axb3 Rb8 31. b4 Ra3 32. b5 Ra7 33. Ke2 Kf8 34.
Kd3 Ke7 35. Kd4 Rab7 36. Rc5 Rb6 37. Rc7+ Kd6 38. Rxf7 Rxb5 39. Rxb5 Rxb5 40.
Rxg7 Rb2 41. f4 Rd2+ 42. Kc3 Rf2 43. Kd3 h5 44. h4 Ra2 45. Rg5 Rb2 46. Kc3 Rf2
47. Kd3 Ke7 48. Kd4 Kf6 49. Kd3 Ra2 50. g3 Rg2 51. Rxh5 Rxg3 52. Re5 Rh3 53. h5
Rh2 54. Kd4 Rd2+ 55. Kc5 Ra2 56. Kb6 Rc2 57. Kb5 Rc1 1/2-1/2

[Event "Mondiale Lampo FIDE 2019"]
[Site "Mosca"]
[Date "29.12.2019"]
[Round "2.37"]
[White "Can, Emre"]
[Black "Petrov, Nikita"]
[Result "1-0"]
[WhiteTitle "GM"]
[BlackTitle "GM"]
[WhiteElo "2600"]
[BlackElo "2585"]
[WhiteFideId "6302181"]
[BlackFideId "4101286"]
[EventDate "2019.12.29"]

1. e4 e5 2. Nf3 Nc6 3. Bc4 Bc5 4. O-O d6 5. c3 Nf6 6. d3 a6 7. a4 Ba7 8. Re1 h6
9. Nbd2 g5 10. Nf1 g4 11. N3d2 h5 12. Nb3 h4 13. d4 Nh5 14. Ne3 g3 15. fxg3 hxg3
16. h3 Nf4 17. Nf5 Qg5 18. Bxf4 exf4 19. Qf3 Be6 20. Nd2 O-O-O 21. Rf1 Ne5 22.
Qe2 Bxc4 23. Nxc4 f3 24. Rxf3 Nxf3+ 25. Qxf3 Rhe8 26. b4 Re6 27. b5 a5 28. Nxa5
Bb6 29. Nc4 Rde8 30. a5 Rxe4 31. Ncxd6+ cxd6 32. Nxd6+ Kb8 33. Nxe4 Qg6 34. axb6
Rxe4 35. Rf1 f5 36. Qxf5 1-0

[Event "Mondiale Lampo FIDE 2019"]
[Site "Mosca"]
[Date "29.12.2019"]
[Round "2.38"]
[White "Sychev, Klementy"]
[Black "Luukkonen, Tommi"]
[Result "1-0"]
[WhiteTitle "GM"]
[BlackTitle "FM"]
[WhiteElo "2563"]
[BlackElo "2290"]
[WhiteFideId "4114060"]
[BlackFideId "501808"]
[EventDate "2019.12.29"]

1. e4 c5 2. Nf3 d6 3. d4 cxd4 4. Nxd4 Nf6 5. Nc3 a6 6. Be2 e6 7. O-O Be7 8. f4
Qc7 9. Kh1 O-O 10. Qe1 b5 11. Bf3 Bb7 12. e5 Ne8 13. f5 dxe5 14. fxe6 Bxf3 15.
exf7+ Rxf7 16. Nxf3 Nd7 17. Be3 Bf8 18. Ng5 Rxf1+ 19. Qxf1 Nef6 20. a3 Qc6 21.
Qd3 Nc5 22. Bxc5 Bxc5 23. Rf1 Re8 24. Nce4 Nd5 25. Nxc5 Nf6 1-0

[Event "Mondiale Lampo FIDE 2019"]
[Site "Mosca"]
[Date "29.12.2019"]
[Round "2.39"]
[White "Al Nhier, Hamoud"]
[Black "Sasikiran, Krishnan"]
[Result "0-1"]
[WhiteTitle "FM"]
[BlackTitle "GM"]
[WhiteElo "1934"]
[BlackElo "2656"]
[WhiteFideId "21500045"]
[BlackFideId "5004985"]
[EventDate "2019.12.29"]

1. e3 d5 2. b3 Nf6 3. Bb2 c6 4. Nf3 Bg4 5. h3 Bxf3 6. gxf3 g6 7. d4 Bg7 8. Nd2
O-O 9. Bd3 c5 10. f4 cxd4 11. Bxd4 Nc6 12. Bb2 Qc7 13. Nf3 Rad8 14. a3 d4 15.
Qe2 Nd5 16. O-O-O dxe3 17. fxe3 Nc3 18. Qg2 Nxd1 19. Rxd1 Qb6 20. Qf2 Bxb2+ 21.
Kxb2 Na5 22. Qh4 Qf6+ 23. Qxf6 exf6 24. f5 Rfe8 25. e4 Rxe4 0-1

[Event "Mondiale Lampo FIDE 2019"]
[Site "Mosca"]
[Date "29.12.2019"]
[Round "2.40"]
[White "Abdusattorov, Nodirbek"]
[Black "Tengis, Tsog-Ochir"]
[Result "1-0"]
[WhiteTitle "GM"]
[BlackTitle "FM"]
[WhiteElo "2635"]
[BlackElo "2190"]
[WhiteFideId "14204118"]
[BlackFideId "4902718"]
[EventDate "2019.12.29"]

1. e4 e5 2. Nf3 Nc6 3. Bb5 Nf6 4. d3 Bc5 5. c3 O-O 6. O-O d6 7. Ba4 Bg4 8. h3
Bh5 9. Nbd2 Kh8 10. Re1 Ng8 11. g4 Bg6 12. Nf1 f6 13. Ng3 d5 14. Bc2 Bb6 15. Qe2
Qd7 16. Be3 Bxe3 17. Qxe3 Nge7 18. Rad1 Rad8 19. d4 exd4 20. Nxd4 dxe4 21. Bxe4
Nxd4 22. Rxd4 Qb5 23. a4 Qxb2 24. Rxd8 Rxd8 25. Bxg6 hxg6 26. Qxe7 Rd2 27. Qf8+
Kh7 28. Re7 Kh6 29. h4 1-0

[Event "Mondiale Lampo FIDE 2019"]
[Site "Mosca"]
[Date "29.12.2019"]
[Round "2.41"]
[White "Giri, Anish"]
[Black "Kobalia, Mikhail"]
[Result "1/2-1/2"]
[WhiteTitle "GM"]
[BlackTitle "GM"]
[WhiteElo "2769"]
[BlackElo "2609"]
[WhiteFideId "24116068"]
[BlackFideId "4119150"]
[EventDate "2019.12.29"]

1. e4 c6 2. d4 d5 3. e5 Bf5 4. Nf3 e6 5. Be2 Ne7 6. c3 Nd7 7. O-O Nc8 8. Nbd2
Be7 9. Ne1 c5 10. Bd3 Bxd3 11. Nxd3 Qb6 12. Nf3 a6 13. g3 Na7 14. Qe2 Nc6 15.
Be3 cxd4 16. cxd4 Nb4 17. Nxb4 Qxb4 18. Rfc1 Qb6 19. h4 O-O 20. h5 h6 21. Kg2
Rfc8 22. Nh2 Qd8 23. Ng4 Rxc1 24. Rxc1 Rc8 25. Rf1 Qc7 26. Rc1 Qd8 27. Qd2 Rxc1
28. Qxc1 Bf8 29. f4 Nb8 30. Nh2 Nc6 31. Nf3 Qb6 32. g4 Qb5 33. Qd2 Qa5 34. Qxa5
Nxa5 35. f5 Nc4 36. Bc1 Be7 37. Kf2 Na5 38. Ke2 Nc6 39. Bf4 Kf8 40. f6 gxf6 41.
Bxh6+ Kg8 42. exf6 Bxf6 43. Be3 Kh7 44. a3 Bg7 45. Kd3 Kg8 46. g5 Kh7 47. Bf4
Bh8 48. Bd6 Bg7 49. Bf4 Bh8 50. Be3 Bg7 51. Bd2 Bh8 52. b3 Bg7 53. Bf4 Na5 54.
b4 Nc4 55. Bc1 b5 56. Nh4 Bf8 57. Nf3 Bd6 58. Kc3 Bg3 59. Kb3 Kg7 60. a4 Bd6 61.
axb5 axb5 62. Ne1 Bg3 63. Nf3 Bd6 64. Kc3 Bg3 65. Kc2 Bd6 66. Kb3 Bg3 67. Ng1
Bf2 68. Ne2 Be1 69. Nc3 Bxc3 70. Kxc3 Nd6 71. Kd3 Nc8 72. Bf4 Ne7 73. Bd6 Nc6
74. Ke3 Kh7 75. Bc5 Kg7 76. Kf4 Kh7 77. Ke3 Kg7 1/2-1/2

[Event "Mondiale Lampo FIDE 2019"]
[Site "Mosca"]
[Date "29.12.2019"]
[Round "2.42"]
[White "Rakhmanov, Aleksandr"]
[Black "Le, Quang Liem"]
[Result "1/2-1/2"]
[WhiteTitle "GM"]
[BlackTitle "GM"]
[WhiteElo "2645"]
[BlackElo "2713"]
[WhiteFideId "4173708"]
[BlackFideId "12401137"]
[EventDate "2019.12.29"]

1. c4 Nf6 2. Nc3 e5 3. e3 Nc6 4. Nf3 Bb4 5. Nd5 Bd6 6. Qc2 Nxd5 7. cxd5 Ne7 8.
Bc4 b5 9. Bxb5 Nxd5 10. O-O O-O 11. d4 exd4 12. Nxd4 Bb7 13. Nf5 Be5 14. f4 Bf6
15. e4 Nb4 16. Qc4 c6 17. Qxb4 Qb6+ 18. Be3 Qxb5 19. Qxb5 cxb5 20. e5 Bd8 21.
Bc5 Bb6 22. Rfc1 f6 23. Bxb6 axb6 24. Rc7 Be4 25. Ne7+ Kf7 26. Rxd7 Rfd8 27. Rc7
Rd2 28. Re1 Rxa2 29. Nd5+ Kg6 30. Nc3 Rxg2+ 31. Kf1 Raxb2 32. Nxe4 Rxh2 33. Kg1
Rbg2+ 34. Kf1 Rg4 35. exf6 gxf6 36. Rc3 Rh1+ 37. Ke2 Rxe1+ 38. Kxe1 Rxf4 39. Nf2
Rc4 40. Rb3 Rc5 41. Nd3 Rf5 42. Rc3 h5 43. Rc8 h4 44. Nf2 b4 45. Rc4 Rb5 46. Kd2
b3 47. Kc1 Rf5 48. Nh3 Kh5 49. Nf4+ Kg4 50. Ng2+ Kg5 51. Nxh4 Rf2 52. Kb1 f5 53.
Nxf5 Rxf5 54. Rb4 Rf3 55. Rxb6 Kf4 56. Kb2 1/2-1/2

[Event "Mondiale Lampo FIDE 2019"]
[Site "Mosca"]
[Date "29.12.2019"]
[Round "2.43"]
[White "Vachier-Lagrave, Maxime"]
[Black "Socko, Bartosz"]
[Result "1/2-1/2"]
[WhiteTitle "GM"]
[BlackTitle "GM"]
[WhiteElo "2780"]
[BlackElo "2618"]
[WhiteFideId "623539"]
[BlackFideId "1107038"]
[EventDate "2019.12.29"]

1. Nf3 Nf6 2. c4 e6 3. e3 b6 4. b3 Bb7 5. Bb2 Be7 6. Be2 O-O 7. O-O c5 8. d4
cxd4 9. Nxd4 d6 10. Bf3 Qc8 11. Nc3 Nc6 12. Nc2 Rd8 13. Qe2 Ne5 14. Bxb7 Qxb7
15. Rfd1 a6 16. Rd2 Rac8 17. Rad1 h6 18. a4 Nc6 19. Ba3 Na5 20. Nd4 d5 21. Bxe7
Qxe7 22. Na2 dxc4 23. b4 c3 24. Rc2 Nc6 25. Rxc3 Nxd4 26. Rxd4 Rxc3 27. Rxd8+
Qxd8 28. Nxc3 Qd6 29. b5 axb5 30. Nxb5 Qb4 31. Qd1 Nd5 32. g3 g6 33. Qc2 h5 34.
h4 Nf6 35. Nd4 Qe1+ 36. Kg2 Ng4 37. Nf3 Qb4 38. Ng5 Qd6 39. Qc8+ Qf8 40. Qb7 Qe8
41. Qxb6 Qxa4 42. Qd8+ Kg7 43. Qe7 Qc6+ 44. e4 Nh6 45. Qa7 Qd6 46. Qa1+ Kg8 47.
Qf6 Qf8 48. Nxe6 fxe6 49. Qxg6+ Qg7 50. Qxe6+ Kh7 51. Qd5 Qg6 52. f3 Nf7 53. Kf2
Kh6 54. Qd2+ Kh7 55. Qa5 Kh6 56. Qc7 Qf6 57. Qf4+ Qxf4 58. gxf4 Kg6 59. Ke3 Kf6
60. Kd4 Nd8 61. f5 Nc6+ 62. Ke3 Ne5 63. f4 Ng4+ 64. Kd3 Nf2+ 65. Kd4 Ng4 66. Kd3
Nh2 67. Ke2 Ng4 68. Kf3 Nh2+ 69. Ke2 1/2-1/2

[Event "Mondiale Lampo FIDE 2019"]
[Site "Mosca"]
[Date "29.12.2019"]
[Round "2.44"]
[White "Inarkiev, Ernesto"]
[Black "Andriasian, Zaven"]
[Result "1-0"]
[WhiteTitle "GM"]
[BlackTitle "GM"]
[WhiteElo "2663"]
[BlackElo "2611"]
[WhiteFideId "4162722"]
[BlackFideId "13302000"]
[EventDate "2019.12.29"]

1. c4 e5 2. Nc3 Nc6 3. Nf3 Nf6 4. g3 Bb4 5. Bg2 O-O 6. O-O Bxc3 7. bxc3 d6 8. d3
h6 9. e4 Nh7 10. Nh4 Qf6 11. Bd2 g5 12. Nf3 Qg6 13. d4 f5 14. exf5 Bxf5 15. dxe5
dxe5 16. Re1 Rae8 17. Be3 Nf6 18. Qb3 Be4 19. Bc5 Rf7 20. Qxb7 Nd7 21. Nh4 gxh4
22. Bxe4 Nxc5 23. Qxc6 Qxc6 24. Bxc6 Rd8 25. Bd5 Rxd5 26. cxd5 e4 27. Re3 h3 28.
Rf1 Rf5 29. c4 Rf6 30. f3 exf3 31. Rfxf3 Ra6 32. a3 Rb6 33. g4 Rb1+ 34. Kf2 Rc1
35. Rf4 a5 36. Kg3 a4 37. Kxh3 Ra1 38. Ref3 Nd7 39. Re3 Nc5 40. Kh4 Kg7 41. Kh5
Ra2 42. h4 Kg8 43. Kxh6 1-0

[Event "Mondiale Lampo FIDE 2019"]
[Site "Mosca"]
[Date "29.12.2019"]
[Round "2.45"]
[White "Gasanov, Eldar"]
[Black "Grischuk, Alexander"]
[Result "0-1"]
[WhiteTitle "GM"]
[BlackTitle "GM"]
[WhiteElo "2481"]
[BlackElo "2777"]
[WhiteFideId "14104466"]
[BlackFideId "4126025"]
[EventDate "2019.12.29"]

1. d4 e6 2. c4 b6 3. a3 Bb7 4. Nc3 f5 5. d5 Nf6 6. g3 Na6 7. Bg2 Bd6 8. Nf3 O-O
9. O-O Nc5 10. Nd4 Be5 11. e3 a5 12. b3 exd5 13. cxd5 Nce4 14. Bb2 Nxc3 15. Bxc3
Bxd5 16. Nxf5 Bxg2 17. Bxe5 Bxf1 18. Qxf1 d6 19. Qc4+ Kh8 20. Bb2 0-1

[Event "Mondiale Lampo FIDE 2019"]
[Site "Mosca"]
[Date "29.12.2019"]
[Round "2.46"]
[White "Ruck, Robert"]
[Black "Korobov, Anton"]
[Result "1-0"]
[WhiteTitle "GM"]
[BlackTitle "GM"]
[WhiteElo "2530"]
[BlackElo "2668"]
[WhiteFideId "705713"]
[BlackFideId "14105730"]
[EventDate "2019.12.29"]

1. Nf3 Nf6 2. c4 e6 3. Nc3 d5 4. d4 c6 5. e3 Nbd7 6. Qc2 Bd6 7. b3 O-O 8. Be2 b6
9. O-O Bb7 10. Bb2 Re8 11. Rfe1 Qe7 12. Rad1 Rad8 13. e4 Nxe4 14. Nxe4 dxe4 15.
Qxe4 Bb4 16. Rf1 Nf6 17. Qc2 Ba3 18. Ba1 c5 19. Ne5 cxd4 20. Bxd4 Bc5 21. Bb2
Ne4 22. Bd3 f5 23. Bxe4 Bxe4 24. Qc3 Rxd1 25. Rxd1 Rd8 26. Rxd8+ Qxd8 27. Qc1 h6
28. h3 Kh7 29. Bc3 a5 30. Qe1 Qg5 31. Qf1 Qf4 32. Qe1 Qg5 33. Qf1 Bb7 34. Nd3
Bd6 35. Be5 Be7 36. Bf4 Qg6 37. Be3 Bd8 38. Ne5 Qe8 39. Qd3 Bf6 40. Bf4 Qd8 41.
Qxd8 Bxd8 42. Nf7 Be7 43. Be3 Bc5 44. Bxc5 bxc5 45. Nd8 Bc8 46. Nc6 a4 47. bxa4
Bd7 48. Na5 Bxa4 49. Nb7 1-0

[Event "Mondiale Lampo FIDE 2019"]
[Site "Mosca"]
[Date "29.12.2019"]
[Round "2.48"]
[White "Meier, Georg"]
[Black "Kazhgaleyev, Murtas"]
[Result "1/2-1/2"]
[WhiteTitle "GM"]
[BlackTitle "GM"]
[WhiteElo "2626"]
[BlackElo "2569"]
[WhiteFideId "4675789"]
[BlackFideId "13700316"]
[EventDate "2019.12.29"]

1. Nf3 Nf6 2. g3 g6 3. Bg2 Bg7 4. d4 O-O 5. O-O d6 6. b3 Nc6 7. Bb2 Bf5 8. Nbd2
Qc8 9. Re1 Bh3 10. e4 Bxg2 11. Kxg2 e5 12. dxe5 Ng4 13. Nc4 Ngxe5 14. Nfxe5 Nxe5
15. Nxe5 Bxe5 16. Bxe5 dxe5 17. Qd5 Re8 18. Rad1 Re7 19. Re3 Kg7 20. Red3 h5 21.
h4 a6 22. a4 Rb8 23. R1d2 Qe6 24. Qxe6 Rxe6 25. Rd7 Rc8 26. R2d5 Kf6 27. a5 Rc6
28. c4 b6 29. axb6 Rxb6 30. Rc5 c6 31. Ra5 Rxb3 32. Rxa6 Rb4 33. Raa7 Rf8 34.
Rd6+ Kg7 35. Rxc6 Rb2 36. Re6 Rc2 37. Rc7 Rxc4 38. Rxg6+ Kxg6 39. Rxc4 Rb8 40.
Rc6+ f6 41. f4 Rb2+ 42. Kf3 Rb3+ 43. Kf2 exf4 44. gxf4 Kf7 45. f5 Rh3 46. Rc7+
Kf8 47. Rh7 Rxh4 48. Ke3 Kg8 49. Rb7 Rh1 50. Rb6 Kg7 51. Rb7+ Kg8 52. Re7 h4 53.
Kf4 Rg1 54. Re8+ Kg7 55. Re7+ Kg8 56. Re8+ Kh7 57. Re7+ Kg8 1/2-1/2

[Event "Mondiale Lampo FIDE 2019"]
[Site "Mosca"]
[Date "29.12.2019"]
[Round "2.49"]
[White "Kamsky, Gata"]
[Black "Drygalov, Sergey"]
[Result "1/2-1/2"]
[WhiteTitle "GM"]
[BlackTitle "IM"]
[WhiteElo "2677"]
[BlackElo "2473"]
[WhiteFideId "2000024"]
[BlackFideId "24171743"]
[EventDate "2019.12.29"]

1. d4 Nf6 2. Nf3 b6 3. Bf4 Bb7 4. e3 e6 5. h3 Be7 6. Nbd2 O-O 7. Bd3 c5 8. O-O
d6 9. Bh2 Nc6 10. c3 Re8 11. Re1 Bf8 12. e4 a6 13. a3 b5 14. Qe2 c4 15. Bc2 e5
16. d5 Nb8 17. b3 cxb3 18. Nxb3 Nbd7 19. a4 Qb6 20. axb5 axb5 21. Bd3 Rec8 22.
Rxa8 Bxa8 23. Rc1 b4 24. c4 Bb7 25. Nfd2 Ra8 26. Bg3 g6 27. Kh2 Nh5 28. c5 dxc5
29. Bb5 Nxg3 30. fxg3 Ba6 31. Bxa6 Qxa6 32. Qf3 Qf6 33. Qg4 Qe7 34. Nc4 h5 35.
Qf3 h4 36. gxh4 Qxh4 37. Rf1 f6 38. g3 Qh5 1/2-1/2

[Event "Mondiale Lampo FIDE 2019"]
[Site "Mosca"]
[Date "29.12.2019"]
[Round "2.50"]
[White "Sjugirov, Sanan"]
[Black "Kovalev, Vladislav"]
[Result "0-1"]
[WhiteTitle "GM"]
[BlackTitle "GM"]
[WhiteElo "2665"]
[BlackElo "2662"]
[WhiteFideId "4189302"]
[BlackFideId "13504398"]
[EventDate "2019.12.29"]

1. e4 e5 2. Nf3 Nc6 3. Bb5 a6 4. Ba4 Nf6 5. d3 b5 6. Bb3 Bc5 7. c3 d6 8. Bg5 Rb8
9. Nbd2 h6 10. Bh4 O-O 11. O-O g5 12. Bg3 Kg7 13. Re1 Nh7 14. Bd5 Ne7 15. d4
exd4 16. cxd4 Bb6 17. Bb3 f5 18. exf5 Nxf5 19. Be6 Bxe6 20. Rxe6 Qd7 21. d5 Nf6
22. Ne4 Nxe4 23. Rxe4 Rbe8 24. Rxe8 Rxe8 25. Qd3 Qf7 26. a4 bxa4 27. Kh1 Qf6 28.
Rxa4 Qxb2 29. h3 Nxg3+ 30. fxg3 Qc1+ 31. Kh2 Re3 32. Qf5 Rxf3 0-1

[Event "Mondiale Lampo FIDE 2019"]
[Site "Mosca"]
[Date "29.12.2019"]
[Round "2.51"]
[White "Novikov, Stanislav"]
[Black "Melkumyan, Hrant"]
[Result "1-0"]
[WhiteTitle "GM"]
[BlackTitle "GM"]
[WhiteElo "2531"]
[BlackElo "2668"]
[WhiteFideId "4125371"]
[BlackFideId "13302485"]
[EventDate "2019.12.29"]

1. e4 c6 2. d4 d5 3. Nc3 dxe4 4. Nxe4 Nf6 5. Nxf6+ exf6 6. c3 Bd6 7. Bd3 O-O 8.
Ne2 Re8 9. O-O Qc7 10. h3 Nd7 11. Qc2 Nf8 12. c4 Qd8 13. Be3 Be6 14. d5 cxd5 15.
c5 Be5 16. Nd4 Rc8 17. b4 a6 18. Rac1 Bb8 19. Qd2 Qc7 20. f4 Bd7 21. c6 Bxc6 22.
Nxc6 bxc6 23. Bxa6 Rcd8 24. Kh1 d4 25. Bg1 Ne6 26. Bb5 Rd6 27. Bd3 Qd7 28. a4 g6
29. b5 c5 30. a5 f5 31. b6 Qc6 32. Qb2 Red8 33. Bb5 Qb7 34. Bd3 Qc6 35. Qb3 Qb7
36. Rb1 Qe7 37. a6 c4 38. Qxc4 R6d7 39. a7 Bxa7 40. bxa7 Rxa7 41. Qb4 Qc7 42.
Qd2 Ra3 43. Rbc1 Qb7 44. Kh2 Rda8 45. Bc4 Qd7 46. Bxe6 Qxe6 47. Rfe1 Qb3 48.
Qxd4 Ra2 49. Qe3 Qb7 50. Qg3 h6 51. Rc3 Kh7 52. Rce3 Qd5 53. R3e2 R2a3 54. Qh4
Qc4 55. Re7 Ra2 56. Qg3 Qd5 57. R7e2 R2a3 58. Qh4 R3a4 59. Bf2 Rc4 60. Bg3 Rcc8
61. Qf6 Rc6 62. Qe5 Qc4 63. Qe7 Rac8 64. Rd2 R6c7 65. Qe2 Qb4 66. Rd3 Rc2 67.
Qf3 Qc4 68. Rde3 Rd8 69. Re7 Rdd2 70. Rg1 Kg7 71. Re8 Qc5 72. Qa8 Qd4 73. Rg8+
Kh7 74. Qf8 Qf6 75. Bh4 g5 76. fxg5 hxg5 77. Bxg5 Rxg2+ 78. Rxg2 Qe5+ 79. Bf4
Qxf4+ 80. Rg3 Rxg2+ 81. Kxg2 Qd2+ 82. Kf3 Qd5+ 83. Kf4 Qe4+ 84. Kg5 Qe6 85. Qb4
Qh6+ 86. Kxf5 1-0

[Event "Mondiale Lampo FIDE 2019"]
[Site "Mosca"]
[Date "29.12.2019"]
[Round "2.52"]
[White "Vallejo Pons, Francisco"]
[Black "Potapov, Pavel"]
[Result "1-0"]
[WhiteTitle "GM"]
[BlackTitle "GM"]
[WhiteElo "2704"]
[BlackElo "2482"]
[WhiteFideId "2205530"]
[BlackFideId "4169786"]
[EventDate "2019.12.29"]

1. e4 c5 2. Ne2 Nc6 3. Nbc3 e5 4. Nd5 Nce7 5. Ne3 d5 6. exd5 Nxd5 7. Nxd5 Qxd5
8. Nc3 Qd8 9. Bb5+ Bd7 10. Qe2 Bd6 11. f4 f6 12. Ne4 Qc7 13. Bxd7+ Qxd7 14. fxe5
fxe5 15. O-O O-O-O 16. d3 Nf6 17. Bg5 Rdf8 18. Bxf6 gxf6 19. Nxf6 Qe6 20. Ne4
Be7 21. b3 Kc7 22. a4 a6 23. Rxf8 Rxf8 24. Rf1 Rg8 25. Qh5 Rg7 26. g3 b6 27. Kg2
Bd6 28. Rf6 1-0